000 01315cam a2200361 a 4500
003 CO-BoRNBP
005 20230330154120.0
007 ta
008 040221s2003 ck a r 01010dspa d
020 _a9588156386
040 _aCO-BoRNBP
_bspa
_erda
_cCO-BoRNBP
043 _as-ck---
082 0 4 _a759.986
_bG71e2
100 1 0 _aGrau, Enrique
_d1920-2004
_9598
245 1 0 _aEnrique Grau
_bhomenaje
_ctextos Beigica Rodríguez ; dirección, diseño y edición Benjamín Villegas ; fotografía Julio César Flórez
250 _a1a. edición
264 3 _aBogotá
_bVillegas Editores
_c2003
300 _a319 páginas
_bilustraciones
_c31 cm.
336 _atexto
_btxt
_2rdacontent
337 _asin mediación
_bn
_2rdamedia
338 _avolumen
_bnc
_2rdacarrier
500 _aDonación Villegas Editores
504 _aIncluye bibliografía.
600 1 4 _aGrau, Enrique
_d1920-2004
_xHomenajes
_9599
600 1 4 _aGrau, Enrique
_d1920-2004
_xTrabajos pictóricos
_9600
600 1 4 _aGrau, Enrique
_d1920-2004
_xCrítica e interpretación
_9601
650 1 4 _aPintura colombiana
_2LEMB
_9602
650 1 4 _aPintores colombianos
_2LEMB
_9603
700 1 0 _aVillegas, Benjamín
_d1948-
_eeditor
_9597
700 1 0 _aRodríguez, Beigica
_9604
700 1 0 _aFlórez, Julio César
_efotógrafo
_9605
942 _2ddc
_cBK
999 _c9278
_d9278